01627nab a22002417a 4500999001500000003000400015005001700019008004100036040001100077100002600088245003800114260007300152300001300225500003800238505072800276505008901004650004401093650004501137650002501182650002301207773014201230942001301372 c5364d5364OSt20250225232709.0190603e xxum|||| |||| 00| 0 spa d cPJ-TDF 96364aMoreno, Valeria10aCriptoactivos /cValeria Moreno. cCiudad Autónoma de Buenos Aires :aThomson Reuters La Ley, b2024. ap. 62-71 aCita: TR LALEY AR/DOC/2772/2024.  a Sumario: I. Introducción y caracterización.— II. Clases de criptoactivos.— III. Algunas precisiones terminológicas.— IV. Los criptoactivos y las criptomonedas.— V. Naturaleza jurídica de las criptomonedas. Doctrina.— VI. Nuestra posición sobre la naturaleza jurídica de determinadas criptomonedas.— VII. Los actores en el mercado de criptoactivos: el reglamento MICA y su normativa para el emisor y los proveedores de servicios de activos digitales.— VIII. Naturaleza del contrato que realizan los proveedores de servicios de activos digitales y los usuarios en el mercado de criptoactivos.— IX. Los principios UNIDROIT sobre activos digitales y el derecho privado. En busca de un marco legal.  t¿Te interesa el texto completo? Solicitalo al correo: koha@justierradelfuego.gov.ar 092068aOBLIGACIONES EN MONEDA EXTRANJERA 09530aOBLIGACIONES DE DAR SUMAS DE DINERO 096399aMONEDA VIRTUAL 096398aCRIPTOMONEDA0 0271393170dCiudad Autónoma de Buenos Aires : Thomson Reuters La Ley, 2015-tRevista Código Civil y Comercial. Nº 6 - Diciembre 2024 2udccANA